书目信息 |
| 题名: |
水电厂运行值班岗位能力培训教材
|
|
| 作者: | ;国网新源水电公司 组编 | |
| 分册: | ||
| 出版信息: | 北京 中国电力出版社 2021.06 |
|
| 页数: | 417页 | |
| 开本: | 26cm | |
| 丛书名: | ||
| 单 册: | ||
| 中图分类: | TV737 | |
| 科图分类: | ||
| 主题词: | 水力发电站--shui li fa dian zhan--电力系统运行--岗位培训--教材 | |
| 电子资源: | ||
| ISBN: | 978-7-5198-5457-7 | |
| 000 | 01224nam0 2200241 450 | |
| 001 | 011025153136 | |
| 005 | 20221025153136.0 | |
| 010 | @a978-7-5198-5457-7@dCNY128.00 | |
| 099 | @aCAL 012021086438 | |
| 100 | @a20201004d2021 em y0chiy50 ea | |
| 101 | 0 | @achi |
| 102 | @aCN@b110000 | |
| 105 | @aak a 000yy | |
| 106 | @ar | |
| 200 | 1 | @a水电厂运行值班岗位能力培训教材@Ashui dian chang yun hang zhi ban gang wei neng li pei xun jiao cai@f国网新源水电有限公司新安江水力发电厂组编 |
| 210 | @a北京@c中国电力出版社@d2021.06 | |
| 215 | @a417页@c图@d26cm | |
| 320 | @a有书目 (第417页) | |
| 330 | @a本书整体内容覆盖水轮发电机组、机组电气一次设备、发电机保护装置、水轮发电机组自动化设备、励磁系统、调速系统和水轮发电机组主要辅助设备7个专业和工作面。国网新源水电有限公司新安江水力发电厂坐落在浙江省建德市境内铜官峡谷,是我国第一座自行设计、自制设备、自行施工建造的大型水电站。新安江电厂以发电为主,兼有防洪、灌溉、渔业、航运、旅游、抗咸顶潮等综合功能。 | |
| 606 | 0 | @a水力发电站@Ashui li fa dian zhan@x电力系统运行@x岗位培训@j教材 |
| 690 | @aTV737@v5 | |
| 711 | 02 | @a国网新源水电公司@Aguo wang xin yuan shui dian gong si@b新安江水力发电厂@Bxin an jiang shui li fa dian chang@4组编 |
| 905 | @a河南城建学院图书馆@dTV737@eG945 | |
| 水电厂运行值班岗位能力培训教材/国网新源水电有限公司新安江水力发电厂组编.-北京:中国电力出版社,2021.06 |
| 417页:图;26cm |
| ISBN 978-7-5198-5457-7:CNY128.00 |
| 本书整体内容覆盖水轮发电机组、机组电气一次设备、发电机保护装置、水轮发电机组自动化设备、励磁系统、调速系统和水轮发电机组主要辅助设备7个专业和工作面。国网新源水电有限公司新安江水力发电厂坐落在浙江省建德市境内铜官峡谷,是我国第一座自行设计、自制设备、自行施工建造的大型水电站。新安江电厂以发电为主,兼有防洪、灌溉、渔业、航运、旅游、抗咸顶潮等综合功能。 |
| ● |
| 相关链接 |
|
|
|
正题名:水电厂运行值班岗位能力培训教材
索取号:TV737/G945
 
预约/预借
| 序号 | 登录号 | 条形码 | 馆藏地/架位号 | 状态 | 备注 |
| 1 | 1586975 | 215869754 | 自科库501/501自科库 48排5列5层/ [索取号:TV737/G945] | 在馆 |